Writing processes and structures : (Record no. 27115)
[ view plain ]
| 000 -LEADER | |
|---|---|
| fixed length control field | 01150cam a22003015i 4500 |
| 001 - CONTROL NUMBER | |
| control field | 13566501 |
| 003 - CONTROL NUMBER IDENTIFIER | |
| control field | OSt |
| 005 - DATE AND TIME OF LATEST TRANSACTION | |
| control field | 20190211151541.0 |
| 008 - FIXED-LENGTH DATA ELEMENTS--GENERAL INFORMATION | |
| fixed length control field | 040421s2004 miua fr s000 0 eng d |
| 020 ## - INTERNATIONAL STANDARD BOOK NUMBER | |
| International Standard Book Number | 0472089390 |
| 020 ## - INTERNATIONAL STANDARD BOOK NUMBER | |
| International Standard Book Number | 9780472089390 |
| 035 ## - SYSTEM CONTROL NUMBER | |
| System control number | (OCoLC)ocm54207037 |
| 040 ## - CATALOGING SOURCE | |
| Original cataloging agency | UAT |
| Transcribing agency | UAT |
| Modifying agency | DLC |
| Language of cataloging | eng |
| Modifying agency | EG-ScBUE |
| 082 04 - DEWEY DECIMAL CLASSIFICATION NUMBER | |
| Edition number | 22 |
| Classification number | 808.0428 |
| Item number | ALT |
| 100 1# - MAIN ENTRY--PERSONAL NAME | |
| Personal name | Altano, Brian. |
| 245 10 - TITLE STATEMENT | |
| Title | Writing processes and structures : |
| Remainder of title | an American language text / |
| Statement of responsibility, etc | Brian Altano. |
| 264 #1 - PUBLICATION, DISTRIBUTION, ETC. (IMPRINT) | |
| Place of publication, distribution, etc | Ann Arbor, Michigan : |
| Name of publisher, distributor, etc | University of Michigan Press, |
| Date of publication, distribution, etc | c.2004. |
| 300 ## - PHYSICAL DESCRIPTION | |
| Extent | xx, 323 pages : |
| Other physical details | illustrations ; |
| Dimensions | 26 cm. |
| 336 ## - CONTENT TYPE | |
| Source | rdacontent |
| Content type term | txt |
| 337 ## - MEDIA TYPE | |
| Source | rdamedia |
| Media type term | unmediated |
| 338 ## - CARRIER TYPE | |
| Source | rdacarrier |
| Carrier type term | volume |
| 520 ## - SUMMARY, ETC. | |
| Summary, etc | Teaches effective paragraph writing skills by introducing students to the rhetorical modes of description, narration, process, comparison and contrast, and persuasion. |
| 650 #7 - SUBJECT ADDED ENTRY--TOPICAL TERM | |
| Topical term or geographic name as entry element | English language |
| Source of heading or term | BUEsh |
| 9 (RLIN) | 7240 |
| General subdivision | Rhetoric. |
| 650 #7 - SUBJECT ADDED ENTRY--TOPICAL TERM | |
| Topical term or geographic name as entry element | English language |
| General subdivision | Paragraphs. |
| Source of heading or term | BUEsh |
| 9 (RLIN) | 36023 |
| 650 #7 - SUBJECT ADDED ENTRY--TOPICAL TERM | |
| Topical term or geographic name as entry element | English language |
| Source of heading or term | BUEsh |
| 9 (RLIN) | 4485 |
| General subdivision | Composition and exercises. |
| 653 ## - INDEX TERM--UNCONTROLLED | |
| Resource For college | Humanities: English |
| Arrived date list | February2019 |
| 942 ## - ADDED ENTRY ELEMENTS (KOHA) | |
| Source of classification or shelving scheme | Dewey Decimal Classification |
| Koha item type | Book - Borrowing |
| Withdrawn status | Lost status | Source of classification or shelving scheme | Damaged status | Not for loan | Home library | Current library | Shelving location | Date acquired | Source of acquisition | Total Checkouts | Total Renewals | Full call number | Barcode | Date last seen | Date checked out | Price effective from | Koha item type |
|---|---|---|---|---|---|---|---|---|---|---|---|---|---|---|---|---|---|
| Dewey Decimal Classification | Central Library | Central Library | Second Floor | 11/02/2019 | Donation | 1 | 5 | 808.0428 ALT | 000044202 | 15/07/2025 | 11/09/2019 | 11/02/2019 | Book - Borrowing |